000 00362nam a2200145Ia 4500
008 230917s9999||||xx |||||||||||||| ||und||
040 _e42409
_aMAIN
041 _aEnglish
082 _a813.52 G573L
100 _aGoldsmith, Barbara
245 0 _aLittle gloria....happy at least
260 _aLondon
_bMacmillan
_c1980
300 _axvii, 649 p.
942 _cBK
999 _c217438
_d217438